000
00293nam a22001337a 4500
008
181012b xxu||||| |||| 00| 0 eng d
020
_a
0721664717
041
_a
eng
080
_2
2nd
_a
618
100
_a
10
101
_a
GJIN
245
_a
The Developing Human
_c
Moore,K.L
942
_2
udc
_c
BK
999
_c
49466
_d
49466